Využívanie poľnohospodárskej pôdy v Slovenskej republike

Vývoj výmery poľnohospodárskej pôdy a ornej pôdy na Slovensku podľa jednotlivých krajov v období rokov 2007 až 2011. Absolútne aj relatívne údaje o celkových výmerách poľnohospodárskej a ornej pôdy, údaje o podiele poľnohospodárskej a ornej pôdy na 1 obyvateľa, zmeny v rozlohe pôdy spôsobenej jej úb...

ver descrição completa

Na minha lista:
Detalhes bibliográficos
Autor principal: Tóth, Miroslav, 1961-
Formato: Capítulo de Livro
Idioma:eslovaco
Assuntos:
Tags: Adicionar Tag
Sem tags, seja o primeiro a adicionar uma tag!

MARC

LEADER 00000naa$a2200000$$$4500
001 0173674
005 20240502072947.6
041 0 |a slo 
044 |a SK 
245 1 0 |a Využívanie poľnohospodárskej pôdy v Slovenskej republike  |c Miroslav Tóth 
520 |a Vývoj výmery poľnohospodárskej pôdy a ornej pôdy na Slovensku podľa jednotlivých krajov v období rokov 2007 až 2011. Absolútne aj relatívne údaje o celkových výmerách poľnohospodárskej a ornej pôdy, údaje o podiele poľnohospodárskej a ornej pôdy na 1 obyvateľa, zmeny v rozlohe pôdy spôsobenej jej úbytkom. Vyčíslenie podielu zornenia podľa jednotlivých krajov. 
610 2 0 |a pôda poľnohospodárska 
610 2 0 |a Slovensko 
610 2 0 |a kraje 
100 1 |a Tóth, Miroslav, 1961-